| 000 | 00670cam a2200241 4500500 | ||
|---|---|---|---|
| 005 | 20260405002341.0 | ||
| 041 | _afre | ||
| 042 | _adc | ||
| 100 | 1 | 0 |
_aBarton, Adrien _eauthor |
| 245 | 0 | 0 | _aLe prix de l’amitié |
| 260 | _c2016. | ||
| 500 | _a22 | ||
| 690 | _aAdrien Barton | ||
| 690 | _aAmitié | ||
| 690 | _aChoix | ||
| 690 | _aDilemme | ||
| 690 | _aÉgoïsme | ||
| 690 | _aPrioritanisme | ||
| 690 | _aTélévision | ||
| 690 | _aUtilitarisme | ||
| 786 | 0 | _nPhilosophie magazine | 105 | 12-1 | 2016-12-01 | p. 74-74 | 1951-1787 | |
| 856 | 4 | 1 | _uhttps://shs.cairn.info/magazine-philosophie-magazine-2016-12-1-page-74?lang=fr&redirect-ssocas=7080 |
| 999 |
_c2056894 _d2056894 |
||